[Event "World Youth U16 Olympiad"]
[Site "Gyor HUN"]
[Date "2014.12.21"]
[Round "10.7"]
[Board "2"]
[White "Abramciuc, Marius"]
[Black "Tomczak, Mikolaj"]
[Result "1/2-1/2"]
[WhiteElo "2204"]
[BlackElo "2266"]
[WhiteTeam "Moldova"]
[BlackTeam "Poland 1"]
[WhiteFideId "13900609"]
[BlackFideId "1175114"]
[EventDate "2014.12.13"]

1. e4 c5 2. Nf3 e6 3. d3 Nc6 4. g3 d5 5. Qe2 Nf6 6. Bg2 Be7 7. c3 b6 8. O-O O-O
9. e5 Nd7 10. h4 f6 11. exf6 Nxf6 12. Bf4 Bd6 13. Bxd6 Qxd6 14. Re1 Bd7 15. Nbd2
Rae8 16. Ne5 Nxe5 17. Qxe5 Qxe5 18. Rxe5 Bb5 19. c4 Ba6 20. Rae1 Rd8 21. R5e2
Rfe8 22. b3 e5 23. Bf3 Kf8 24. g4 e4 25. dxe4 dxc4 26. Nxc4 Rd4 27. Rd2 Red8 28.
Rxd4 Rxd4 29. Ne3 Bb7 30. Nf5 Rd2 31. Kg2 g6 32. Nh6 Rd4 33. g5 Nxe4 34. Re3 Bd5
35. Kh2 Nd6 36. Bxd5 Rxd5 37. Kg3 Nf5+ 38. Nxf5 Rxf5 39. Re6 Rd5 40. Rc6 Rd7 41.
Kf4 Re7 42. f3 Ke8 43. Rd6 Rc7 44. Ke4 Ke7 45. Kd5 b5 46. Re6+ Kd7 47. Re3 c4
48. bxc4 Rxc4 49. Ra3 Rxh4 50. Rxa7+ Kd8 51. Ke5 h6 52. f4 Ke8 53. gxh6 Rxh6 54.
Kf6 Rh2 55. Kxg6 Rg2+ 56. Kf6 Rc2 57. f5 Rf2 58. Ra5 b4 59. Rb5 Rxa2 60. Rxb4
Rf2 61. Rb8+ Kd7 62. Ra8 Rf1 63. Kg6 Ke7 64. Ra7+ Kf8 65. Kf6 Kg8 66. Ra8+ Kh7
67. Rf8 Ra1 68. Re8 Rf1 69. Ke6 Kg7 70. Re7+ Kf8 71. Ra7 Rf2 72. Kf6 Kg8 73.
Rg7+ Kf8 74. Rg3 Ra2 75. Re3 Ra7 76. Re6 Rf7+ 77. Kg5 Rg7+ 78. Kh6 Rf7 79. Kg5
Rg7+ 80. Rg6 Ra7 81. Rf6+ Kg7 1/2-1/2

[Event "World Youth U16 Olympiad"]
[Site "Gyor HUN"]
[Date "2014.12.21"]
[Round "10.7"]
[Board "3"]
[White "Gumularz, Szymon"]
[Black "Macovei, Andrei"]
[Result "0-1"]
[WhiteElo "2241"]
[BlackElo "2168"]
[WhiteTeam "Poland 1"]
[BlackTeam "Moldova"]
[WhiteFideId "1188062"]
[BlackFideId "13904680"]
[EventDate "2014.12.13"]

1. Nf3 c5 2. c4 Nc6 3. d4 cxd4 4. Nxd4 g6 5. e4 Bg7 6. Nc2 d6 7. Be2 f5 8. exf5
Bxf5 9. O-O Nh6 10. Nc3 O-O 11. Be3 Bxc2 12. Qxc2 Nf5 13. Bd2 Nfd4 14. Qe4 Nxe2+
15. Qxe2 Qd7 16. Rad1 Qf5 17. Be3 Bxc3 18. bxc3 b6 19. Rd5 Qe6 20. Re1 Rf5 21.
Qd2 Qf7 22. Rxf5 gxf5 23. Bh6 Ne5 24. Qd5 Rc8 25. Qb7 Qe6 26. Re3 Kf7 27. f4
Rxc4 28. Bg5 h6 29. Bxe7 Qxe7 30. Qxe7+ Kxe7 31. fxe5 dxe5 32. Rxe5+ Kf6 33. Re3
f4 34. Rd3 Ke5 35. Kf2 Ke4 36. Rd7 Ra4 37. Rd2 Ra3 38. c4 Rc3 39. Re2+ Kf5 40.
Re7 Rc2+ 41. Kf3 Rxa2 42. Rf7+ Kg5 43. Rg7+ Kf6 44. Rh7 Kg6 45. Rc7 Kf5 46. Rf7+
Ke5 47. Re7+ Kd4 48. Re4+ Kc5 49. Rxf4 a5 50. h4 a4 51. g4 Ra3+ 52. Kg2 Re3 53.
Kf2 Re8 54. g5 hxg5 55. hxg5 a3 56. Kg3 a2 57. Rf1 Ra8 58. Ra1 Kxc4 59. g6 Kb3 0-1

[Event "World Youth U16 Olympiad"]
[Site "Gyor HUN"]
[Date "2014.12.21"]
[Round "10.7"]
[Board "4"]
[White "Chetrari, Nikita"]
[Black "Harazinska, Ewa"]
[Result "1-0"]
[BlackTitle "WFM"]
[WhiteElo "2117"]
[BlackElo "2143"]
[WhiteTeam "Moldova"]
[BlackTeam "Poland 1"]
[WhiteFideId "13904647"]
[BlackFideId "1118374"]
[EventDate "2014.12.13"]

1. e4 c5 2. Nf3 d6 3. d4 cxd4 4. Nxd4 Nf6 5. Nc3 a6 6. f3 e5 7. Nb3 Be6 8. Be3
h5 9. Nd5 Bxd5 10. exd5 Nbd7 11. Qd2 g6 12. O-O-O Rc8 13. Kb1 Nb6 14. Qa5 Qc7
15. Bxa6 bxa6 16. Qxb6 Qxc2+ 17. Ka1 Qf5 18. f4 Be7 19. fxe5 Nd7 20. Qxa6 Nxe5
21. Qb7 Qd7 22. Qxd7+ Kxd7 23. Bd4 Rc2 24. Rd2 Rhc8 25. Kb1 R2c4 26. Bxe5 dxe5
27. Na5 R4c5 28. Nc6 Bg5 29. Nxe5+ Ke8 30. Rdd1 f6 31. d6 Rd8 32. Nxg6 Kf7 33.
Ne7 Bf4 34. b4 Rc4 35. a3 Rxd6 36. Rxd6 Bxd6 37. Nf5 Be5 38. g3 Rc3 39. Ka2 Rf3
40. Nh4 Rf2+ 41. Kb3 f5 42. b5 f4 43. gxf4 Bf6 44. Nf5 Rxf4 45. Ng3 h4 46. Rf1
Rxf1 47. Nxf1 h3 48. Nd2 Ke6 49. Kc4 Kd7 50. Kd5 Bg5 51. Nf3 Bf4 52. a4 Kc7 53.
a5 Kb7 54. Ke4 Bc7 55. a6+ Kb6 56. Kd5 Bb8 57. Kc4 Bf4 58. Ng1 Be3 59. Nxh3 Ka7
60. Kd3 1-0

[Event "World Youth U16 Olympiad"]
[Site "Gyor HUN"]
[Date "2014.12.21"]
[Round "10.8"]
[Board "1"]
[White "Szostko, Jakub"]
[Black "Sibashvili, Giorgi"]
[Result "0-1"]
[BlackTitle "FM"]
[WhiteElo "2168"]
[BlackElo "2387"]
[WhiteTeam "Poland 2"]
[BlackTeam "Georgia"]
[WhiteFideId "1174282"]
[BlackFideId "13602799"]
[EventDate "2014.12.13"]

1. e4 e6 2. d4 d5 3. Nd2 Nf6 4. e5 Nfd7 5. Bd3 c5 6. c3 b6 7. Ne2 Ba6 8. Bxa6
Nxa6 9. O-O Be7 10. Nf4 b5 11. a4 cxd4 12. cxd4 Qb6 13. Nf3 O-O 14. Qe2 Rfc8 15.
Qxb5 Qxb5 16. axb5 Nc7 17. Bd2 g5 18. Ne2 g4 19. Ne1 f6 20. exf6 Bxf6 21. Ra5
Rcb8 22. Bf4 Bd8 23. Nc3 Rb7 24. Nc2 Rc8 25. Nb4 Ne8 26. Ra6 Rc4 27. Nc6 Bb6 28.
Ra4 Rxa4 29. Nxa4 Bc7 30. Bxc7 Nxc7 31. Rc1 Nxb5 32. Nd8 Nxd4 33. Nxb7 Ne2+ 34.
Kf1 Nxc1 35. Nac5 Nxc5 36. Nxc5 Kf7 37. Ke1 Na2 38. Nd3 Kf6 39. Kd2 e5 40. f3
gxf3 41. gxf3 Kf5 42. Ke3 h5 43. h4 d4+ 44. Kd2 a5 45. Nc5 Nb4 46. Ke2 Kf4 47.
Kf2 Kf5 48. b3 Nc6 49. Ne4 Nd8 50. Nd6+ Ke6 51. Nc4 Nc6 52. Nd2 Kd5 53. Ne4 Ne7
54. Nf6+ Kc5 55. Nxh5 Kb4 56. Nf6 Kxb3 57. h5 a4 58. h6 a3 59. h7 Ng6 60. Ng4 a2
61. Nxe5 Nh8 0-1

[Event "World Youth U16 Olympiad"]
[Site "Gyor HUN"]
[Date "2014.12.21"]
[Round "10.8"]
[Board "2"]
[White "Tutisani, Noe"]
[Black "Snihur, Piotr"]
[Result "1-0"]
[WhiteElo "2301"]
[BlackElo "2161"]
[WhiteTeam "Georgia"]
[BlackTeam "Poland 2"]
[WhiteFideId "13602853"]
[BlackFideId "1157191"]
[EventDate "2014.12.13"]

1. Nf3 d5 2. d4 Nf6 3. c4 e6 4. cxd5 exd5 5. Nc3 c6 6. Qc2 Be7 7. Bg5 g6 8. e3
Bf5 9. Bd3 Bxd3 10. Qxd3 O-O 11. h4 Nbd7 12. O-O-O Re8 13. Nd2 b5 14. Kb1 Nb6
15. f3 Nc4 16. Nxc4 bxc4 17. Qc2 Rb8 18. Ka1 Nd7 19. Bf4 Rb7 20. e4 Nf8 21. h5
Bg5 22. g3 Bf6 23. hxg6 fxg6 24. e5 Bh8 25. Bc1 Ne6 26. f4 Rf8 27. Qh2 Qb6 28.
Be3 a5 29. Rd2 a4 30. a3 Qa7 31. g4 c5 32. dxc5 d4 33. c6 dxe3 34. cxb7 Qxb7 35.
Rd5 Rxf4 36. Rb5 Qa7 37. Rb8+ Rf8 38. Rxf8+ Nxf8 39. Qf4 Qe7 40. Rf1 Bxe5 41.
Qxe3 Qd6 42. Qe4 Qc7 43. Qa8 Bg7 44. Qxa4 Ne6 45. Qe8+ Nf8 46. Nd5 Qe5 47. Ne7+ 1-0

[Event "World Youth U16 Olympiad"]
[Site "Gyor HUN"]
[Date "2014.12.21"]
[Round "10.8"]
[Board "3"]
[White "Kosakowski, Jakub"]
[Black "Khomeriki, Nino"]
[Result "0-1"]
[BlackTitle "WFM"]
[WhiteElo "2106"]
[BlackElo "2141"]
[WhiteTeam "Poland 2"]
[BlackTeam "Georgia"]
[WhiteFideId "1185080"]
[BlackFideId "13603191"]
[EventDate "2014.12.13"]

1. e4 e5 2. Nf3 Nc6 3. Bb5 Nge7 4. c3 a6 5. Ba4 g6 6. d4 exd4 7. cxd4 b5 8. Bc2
Bg7 9. d5 Na5 10. Bd2 c5 11. d6 Nec6 12. Bc3 O-O 13. Bxg7 Kxg7 14. O-O Qf6 15.
Nc3 Nc4 16. b3 Qxc3 17. bxc4 Bb7 18. Bb3 Ne5 19. Rc1 Nxf3+ 20. Qxf3 Qxf3 21.
gxf3 Rac8 22. Rc3 Kf6 23. Rd1 b4 24. Re3 Ke5 25. Ba4 Rfd8 26. Kg2 g5 27. Kg3 Bc6
28. Bxc6 dxc6 29. Red3 Rd7 30. Kg4 f6 31. h4 h5+ 32. Kxh5 Rh8+ 33. Kg4 Rxh4+ 34.
Kg3 Rh8 35. Kg4 a5 36. a3 Rhd8 37. axb4 axb4 38. Ra1 Rxd6 39. Re3 Rd1 40. Ra7
Rh8 41. Re7+ Kd6 42. Rb7 Ke6 43. f4 Rh4+ 44. Kf3 gxf4 45. Re2 Rd3+ 0-1

[Event "World Youth U16 Olympiad"]
[Site "Gyor HUN"]
[Date "2014.12.21"]
[Round "10.8"]
[Board "4"]
[White "Ghvamberia, Nika"]
[Black "Dadello, Aleksandra"]
[Result "1-0"]
[WhiteElo "2122"]
[BlackElo "2009"]
[WhiteTeam "Georgia"]
[BlackTeam "Poland 2"]
[WhiteFideId "13602128"]
[BlackFideId "1177362"]
[EventDate "2014.12.13"]

1. e4 e5 2. Nf3 Nc6 3. Bb5 a6 4. Ba4 Nf6 5. d3 b5 6. Bb3 Bc5 7. Nc3 d6 8. Nd5 h6
9. c3 O-O 10. O-O Na5 11. Nxf6+ Qxf6 12. Bc2 Nc6 13. h3 Be6 14. Be3 Ne7 15. d4
Ba7 16. a4 c5 17. dxe5 dxe5 18. axb5 axb5 19. Ra6 Rad8 20. Qa1 Nc8 21. Rxa7 Nxa7
22. Qxa7 c4 23. Qc5 Bxh3 24. Qxe5 Qg6 25. Qh2 Bc8 26. Nd4 Qa6 27. Qg3 Rfe8 28.
e5 Kh8 29. Qf4 Qb7 30. Nf5 Bxf5 31. Qxf5 g6 32. Qf6+ Kh7 33. e6 Qe7 34. Qxf7+
Qxf7 35. exf7 Rf8 36. Ra1 Rxf7 37. Ra6 Rg8 38. Rb6 Ra7 39. Rxb5 Ra1+ 40. Kh2 Re1
41. Rh5 Kg7 42. Rxh6 1-0

[Event "World Youth U16 Olympiad"]
[Site "Gyor HUN"]
[Date "2014.12.21"]
[Round "10.9"]
[Board "1"]
[White "Marek, Matyas"]
[Black "Repka, Christopher"]
[Result "0-1"]
[WhiteTitle "FM"]
[WhiteElo "2348"]
[BlackElo "2407"]
[WhiteTeam "Czech Republic"]
[BlackTeam "Slovakia 1"]
[WhiteFideId "335398"]
[BlackFideId "14918781"]
[EventDate "2014.12.13"]

1. e4 e6 2. d4 d5 3. e5 c5 4. Nf3 Nc6 5. Bd3 Bd7 6. O-O Rc8 7. Re1 Qb6 8. Nbd2
Nb4 9. Nf1 Nxd3 10. Qxd3 Bb5 11. Qd1 Bxf1 12. Kxf1 cxd4 13. Nxd4 Bc5 14. Be3
Bxd4 15. Bxd4 Qa6+ 16. Qe2 Qxe2+ 17. Kxe2 Ne7 18. Kd3 a6 19. c3 h5 20. b4 Rc4
21. a4 Nf5 22. b5 O-O 23. Bb6 Rfc8 24. Ra3 Nh4 25. Rb1 Nxg2 26. bxa6 bxa6 27.
Bd4 a5 28. Ke2 Nh4 29. Bb6 Re4+ 30. Kf1 Nf3 31. Kg2 Nd2 32. Rb5 Rg4+ 33. Kh1 Nf3
34. Rb1 Nxe5 35. Bd4 Nf3 36. Be3 Kh7 37. h3 Rg6 38. Rab3 Rc4 0-1

[Event "World Youth U16 Olympiad"]
[Site "Gyor HUN"]
[Date "2014.12.21"]
[Round "10.9"]
[Board "2"]
[White "Nayhebaver, Martin"]
[Black "Pulpan, Jakub"]
[Result "1/2-1/2"]
[BlackTitle "FM"]
[WhiteElo "2332"]
[BlackElo "2264"]
[WhiteTeam "Slovakia 1"]
[BlackTeam "Czech Republic"]
[WhiteFideId "14923432"]
[BlackFideId "302759"]
[EventDate "2014.12.13"]

1. e4 e5 2. Nf3 Nc6 3. Bb5 Nf6 4. d3 Bc5 5. O-O d6 6. c3 O-O 7. Bg5 h6 8. Bh4
Bg4 9. Nbd2 g5 10. Bg3 Ne7 11. h3 Bxf3 12. Qxf3 Ng6 13. b4 Bb6 14. Nc4 c6 15.
Ba4 Qe7 16. Bb3 Nf4 17. Ne3 N6h5 18. Nf5 Qf6 19. Bxf4 Nxf4 20. g3 Ne6 21. Qh5
Kh7 22. Qe2 Ng7 23. Ne3 Qg6 24. Bc2 Rae8 25. d4 Kh8 26. dxe5 Rxe5 27. Nc4 Re7
28. Nxb6 axb6 29. Qd2 Qe6 30. Kh2 f5 31. exf5 Nxf5 32. Rfe1 Qf6 33. Kg1 Rg7 34.
Be4 d5 35. Bxf5 Qxf5 36. Qd4 Kh7 37. Qxb6 Qxh3 38. Qc5 Rf3 39. Re7 Rxg3+ 40.
fxg3 Qxg3+ 41. Kh1 Qh3+ 1/2-1/2

[Event "World Youth U16 Olympiad"]
[Site "Gyor HUN"]
[Date "2014.12.21"]
[Round "10.9"]
[Board "3"]
[White "Kula, Dominik"]
[Black "Pechac, Jergus"]
[Result "1-0"]
[BlackTitle "CM"]
[WhiteElo "2018"]
[BlackElo "2182"]
[WhiteTeam "Czech Republic"]
[BlackTeam "Slovakia 1"]
[WhiteFideId "344338"]
[BlackFideId "14926970"]
[EventDate "2014.12.13"]

1. e4 c5 2. Nf3 a6 3. Nc3 b5 4. d4 cxd4 5. Nxd4 e6 6. Bd3 d6 7. O-O Nf6 8. f4
Nbd7 9. Kh1 Bb7 10. Qe2 Be7 11. e5 dxe5 12. fxe5 Nd5 13. Nxe6 Qb8 14. Nxg7+ Kd8
15. e6 Rg8 16. Bh6 fxe6 17. Qxe6 N7f6 18. Rad1 Qd6 19. Qxd6+ Bxd6 20. Nxd5 Nxd5
21. Be4 1-0

[Event "World Youth U16 Olympiad"]
[Site "Gyor HUN"]
[Date "2014.12.21"]
[Round "10.9"]
[Board "4"]
[White "Sucikova, Svetlana"]
[Black "Nova, Michaela"]
[Result "1/2-1/2"]
[WhiteElo "1985"]
[BlackElo "2015"]
[WhiteTeam "Slovakia 1"]
[BlackTeam "Czech Republic"]
[WhiteFideId "14923653"]
[BlackFideId "368466"]
[EventDate "2014.12.13"]

1. c4 e6 2. Nc3 d5 3. e3 Nf6 4. b3 Be7 5. Bb2 Nbd7 6. Nf3 O-O 7. Be2 c6 8. O-O
Re8 9. d4 Bd6 10. Qc2 Qe7 11. Rfd1 Nf8 12. Bd3 Ng6 13. e4 dxe4 14. Nxe4 Nxe4 15.
Bxe4 f5 16. Bd3 Bd7 17. Re1 Nh4 18. Qe2 Bb4 19. Red1 Nxf3+ 20. Qxf3 Qf7 21. Rac1
Rad8 22. Rc2 Bd6 23. Re2 Re7 24. Bc3 Rde8 25. Rde1 a6 26. Kh1 Qf6 27. Qe3 Qf7
28. c5 Bc7 29. Bc4 Qh5 30. h3 g5 31. Kg1 Qg6 32. Qd3 g4 33. hxg4 Qxg4 34. Qh3
Qxh3 35. gxh3 Kf7 36. Kh1 Rg8 37. Re3 Ree8 38. Rf3 Rg5 39. Bd2 f4 40. Bxf4 Rf5
41. Re4 Rf8 42. Be2 Ke8 43. Bxc7 Rxf3 44. Bxf3 Rxf3 45. Kg2 Rd3 46. Rh4 Rd2 47.
a4 e5 48. dxe5 Bf5 49. Rf4 Be6 50. b4 Rd3 51. f3 Rd7 52. Bd6 Rg7+ 53. Kh2 Rg8
54. Rf6 Kd7 55. Rf4 Bb3 56. Rg4 Be6 57. Rf4 Ke8 58. a5 Kd7 59. Rd4 Bd5 60. Rf4
Be6 61. h4 Ke8 62. Rf6 Kd7 63. Bf8 Bd5 64. Bh6 Rg6 65. Rd6+ Rxd6 66. cxd6 Bxf3
67. Kg3 Bd5 68. Kf4 Ke6 69. Bg7 Bc4 70. Ke4 Bb3 71. Kd4 Kd7 72. Kc5 Be6 73. Kb6
Kc8 74. Bf6 Bf5 75. h5 Be6 76. Kc5 Kd7 77. Kd4 Bf5 78. Ke3 Ke6 79. Kf4 Bc2 80.
Kg5 Be4 81. Kh6 Bf5 82. Kg7 Kd7 83. Kf8 Be6 84. Bg5 Bf5 85. Kf7 Be6+ 86. Kf6 Bb3 1/2-1/2

[Event "World Youth U16 Olympiad"]
[Site "Gyor HUN"]
[Date "2014.12.21"]
[Round "10.10"]
[Board "1"]
[White "Markoja, Boris"]
[Black "Boldoo, Erdenepurev"]
[Result "1-0"]
[WhiteTitle "FM"]
[WhiteElo "2335"]
[BlackElo "2093"]
[WhiteTeam "Slovenia"]
[BlackTeam "Mongolia"]
[WhiteFideId "14608502"]
[BlackFideId "4901037"]
[EventDate "2014.12.13"]

1. c4 Nf6 2. g3 d5 3. cxd5 Nxd5 4. Bg2 g6 5. Nc3 c6 6. Nxd5 cxd5 7. Qb3 e6 8.
Nf3 Bg7 9. O-O O-O 10. d4 Nc6 11. Rd1 b6 12. Bf4 Na5 13. Qb4 Ba6 14. Bf1 Rc8 15.
b3 Rc2 16. Rdc1 Rxc1 17. Rxc1 Qa8 18. Ne5 Rc8 19. Qe7 Bxe5 20. Rxc8+ Qxc8 21.
dxe5 Nc6 22. Qa3 Nd4 23. Qb2 Nc2 24. Qc1 d4 25. Bh6 Bb7 26. Qg5 Qc6 27. Qd8+ 1-0

[Event "World Youth U16 Olympiad"]
[Site "Gyor HUN"]
[Date "2014.12.21"]
[Round "10.10"]
[Board "2"]
[White "Munkhbayar, Gijir"]
[Black "Unuk, Laura"]
[Result "1-0"]
[WhiteTitle "FM"]
[BlackTitle "WIM"]
[WhiteElo "1967"]
[BlackElo "2249"]
[WhiteTeam "Mongolia"]
[BlackTeam "Slovenia"]
[WhiteFideId "4901584"]
[BlackFideId "14609215"]
[EventDate "2014.12.13"]

1. d4 f5 2. c4 Nf6 3. g3 e6 4. Bg2 Be7 5. Nc3 O-O 6. Nf3 d6 7. O-O Nbd7 8. Qc2
c5 9. Ng5 Nb6 10. dxc5 Nxc4 11. b3 Ng4 12. Nf3 Nce5 13. cxd6 Qxd6 14. Nxe5 Qxe5
15. Bb2 Qc5 16. Rac1 Qa5 17. Na4 f4 18. Qc7 Qh5 19. h3 Nh6 20. Qxe7 Nf5 21. g4
Qh4 22. Qxh4 Nxh4 23. Rc7 Rf7 24. Rfc1 Bd7 25. Bxb7 Rb8 26. Bc8 f3 27. e3 Bxc8
28. Rxc8+ Rf8 29. R8c7 Rfd8 30. Rxg7+ Kf8 31. Rcc7 Rd1+ 32. Kh2 Rf1 33. Ba3+ 1-0

[Event "World Youth U16 Olympiad"]
[Site "Gyor HUN"]
[Date "2014.12.21"]
[Round "10.10"]
[Board "3"]
[White "Cretnik, Urban"]
[Black "Agibileg, Uurtsaikh"]
[Result "0-1"]
[WhiteElo "2214"]
[BlackElo "1957"]
[WhiteTeam "Slovenia"]
[BlackTeam "Mongolia"]
[WhiteFideId "14608480"]
[BlackFideId "4901606"]
[EventDate "2014.12.13"]

1. e4 c5 2. c3 Nf6 3. e5 Nd5 4. d4 cxd4 5. cxd4 e6 6. Nf3 d6 7. Bc4 Nc6 8. O-O
Be7 9. Qe2 O-O 10. a3 Qb6 11. Qe4 Na5 12. Bd3 f5 13. exf6 Nxf6 14. Qh4 Nb3 15.
Ra2 Bd7 16. Bg5 h6 17. Be3 Qc7 18. Qg3 Kh8 19. Nc3 g5 20. Ne4 Nxe4 21. Bxe4 Bc6
22. Bxc6 Qxc6 23. Qh3 Qe4 24. Qxh6+ Kg8 25. Bxg5 Rxf3 26. gxf3 Qxf3 27. Qxe6+
Kh8 28. Qh6+ Kg8 29. Bf4 Nxd4 30. b4 Qg4+ 31. Bg3 Nf3+ 32. Kh1 Qe4 33. Qf4 Qd5
34. Raa1 Bg5 35. Qxd6 Qe4 36. Qc5 Nh4+ 37. f3 Nxf3 38. Rf2 Nh4+ 39. Kg1 Be3 40.
Qh5 Qg2# 0-1

[Event "World Youth U16 Olympiad"]
[Site "Gyor HUN"]
[Date "2014.12.21"]
[Round "10.10"]
[Board "4"]
[White "Uuriintuya, Uurtsaikh"]
[Black "Bratkovic, Jakob"]
[Result "1/2-1/2"]
[WhiteElo "1875"]
[BlackElo "2158"]
[WhiteTeam "Mongolia"]
[BlackTeam "Slovenia"]
[WhiteFideId "4900227"]
[BlackFideId "14608634"]
[EventDate "2014.12.13"]

1. e4 c5 2. Nf3 Nc6 3. d4 cxd4 4. Nxd4 e5 5. Nb5 d6 6. c4 Be7 7. Bd3 f5 8. exf5
Nf6 9. N1c3 a6 10. Na3 Nd4 11. g4 O-O 12. Nc2 b5 13. g5 Ne8 14. f6 gxf6 15. Nxd4
exd4 16. Bxh7+ Kxh7 17. Qh5+ Kg7 18. gxf6+ Kxf6 19. Ne4+ Ke6 20. Qd5+ Kd7 21.
Qxa8 Nc7 22. Qa7 Bh4 23. Qxd4 Qe7 24. Be3 Ne6 25. Qa7+ Nc7 26. Qd4 Ne6 27. Qb6
Nc7 28. O-O-O Qxe4 29. Qxd6+ Ke8 30. Bh6 Qxc4+ 31. Kb1 Bf5+ 32. Ka1 Be7 33. Qd4
Qxd4 34. Rxd4 Rf7 35. Rc1 Bf6 36. Rdd1 Ne6 37. Rc8+ Ke7 38. Bd2 Nd4 39. Rc7+ Ke8
40. Re1+ Be7 41. Rec1 Nc2+ 42. R7xc2 Bxc2 43. Rxc2 Rxf2 44. Kb1 Rxh2 45. Be3 Rh3
46. Re2 Kd7 47. Kc2 Kc6 48. Bg1 Bd6 49. Re8 Rh1 50. Bd4 Rh4 51. Kd3 Rh3+ 52. Kc2
Rh4 53. Bc3 Rh2+ 54. Kb3 Rh3 55. a3 a5 56. Rh8 Rf3 57. Kc2 b4 58. axb4 axb4 59.
Bd4 Kd5 60. Bg7 Rg3 61. Rh5+ Kc4 62. Rh4+ Kb5 63. Rh5+ Kc6 64. Bd4 b3+ 65. Kd2
Bb4+ 66. Ke2 Rg2+ 67. Kd3 Rc2 68. Rf5 Bd2 69. Rf6+ Kb5 70. Rb6+ Ka4 71. Ra6+ Kb4
72. Bf6 Bc1 73. Rb6+ Ka4 74. Ra6+ Kb4 75. Bc3+ Kc5 76. Ra5+ Kc6 77. Ra3 Bxb2 78.
Rxb3 Rxc3+ 79. Rxc3+ Bxc3 80. Kxc3 1/2-1/2

[Event "World Youth U16 Olympiad"]
[Site "Gyor HUN"]
[Date "2014.12.21"]
[Round "10.11"]
[Board "1"]
[White "Radovic, Luka"]
[Black "Nigmatov, Ortik"]
[Result "0-1"]
[WhiteElo "2352"]
[BlackElo "2236"]
[WhiteTeam "Serbia"]
[BlackTeam "Uzbekistan"]
[WhiteFideId "911569"]
[BlackFideId "14202131"]
[EventDate "2014.12.13"]

1. Nf3 Nf6 2. g3 g6 3. Bg2 Bg7 4. O-O O-O 5. c4 d6 6. Nc3 e5 7. d3 Nbd7 8. Qc2
c6 9. Rb1 Ne8 10. b4 f5 11. b5 Nc5 12. Ba3 Ne6 13. e3 Bd7 14. Nd2 g5 15. bxc6
bxc6 16. Rfc1 g4 17. Qa4 Qc8 18. Qb3 Nd8 19. Qa4 Kh8 20. Qa5 Rf7 21. Nd5 Ne6 22.
Nc3 Ng5 23. Rc2 Be6 24. Qa4 Nh3+ 25. Bxh3 gxh3 26. Nf3 h6 27. d4 f4 28. exf4
exf4 29. Nh4 Bf5 30. Nxf5 Qxf5 31. Nd1 Qe4 32. Kf1 Re7 0-1

[Event "World Youth U16 Olympiad"]
[Site "Gyor HUN"]
[Date "2014.12.21"]
[Round "10.11"]
[Board "2"]
[White "Yakubboev, Nodirbek"]
[Black "Radovic, Janko"]
[Result "1/2-1/2"]
[WhiteElo "2144"]
[BlackElo "2272"]
[WhiteTeam "Uzbekistan"]
[BlackTeam "Serbia"]
[WhiteFideId "14203987"]
[BlackFideId "911518"]
[EventDate "2014.12.13"]

1. d4 c5 2. d5 e5 3. Nc3 d6 4. e4 a6 5. a4 b6 6. Nf3 Be7 7. Nd2 Nf6 8. Nc4 Nbd7
9. Be2 O-O 10. O-O Ne8 11. g3 g6 12. Bh6 Ng7 13. f4 f5 14. Qd2 Qc7 15. exf5 gxf5
16. fxe5 Nxe5 17. Bg5 Re8 18. Nxe5 Bxg5 19. Qxg5 Rxe5 20. Bc4 Bb7 21. Rae1 Rae8
22. Rxe5 Rxe5 23. b3 Qe7 24. Qxe7 Rxe7 25. Ne2 Re5 26. Nf4 Kf7 27. Bd3 Ke7 28.
Kf2 Kf6 29. Rb1 Bxd5 30. Bxa6 Be4 1/2-1/2

[Event "World Youth U16 Olympiad"]
[Site "Gyor HUN"]
[Date "2014.12.21"]
[Round "10.11"]
[Board "3"]
[White "Ivic, Velimir"]
[Black "Abdusattorova, Bakhora"]
[Result "1-0"]
[BlackTitle "WFM"]
[WhiteElo "2176"]
[BlackElo "2216"]
[WhiteTeam "Serbia"]
[BlackTeam "Uzbekistan"]
[WhiteFideId "950122"]
[BlackFideId "14204126"]
[EventDate "2014.12.13"]

1. e4 e5 2. Nf3 Nc6 3. Bb5 Nf6 4. d3 Ne7 5. O-O Ng6 6. d4 Nxe4 7. Re1 Nd6 8. Bg5
Be7 9. Bxe7 Nxe7 10. dxe5 Nxb5 11. a4 d5 12. axb5 O-O 13. Nc3 Bg4 14. Ra4 Qd7
15. h3 Bh5 16. Qd3 c6 17. bxc6 bxc6 18. Ra5 Ng6 19. Nd4 Rfe8 20. Qg3 Qc7 21. Rc5
Nxe5 22. Nxd5 Qd6 23. Nf6+ Qxf6 24. Rexe5 Bg6 25. Nxc6 h5 26. Qe3 Rxe5 27. Qxe5
Qh4 28. Ne7+ Kh7 29. Qg5 Qe4 30. Qxh5+ 1-0

[Event "World Youth U16 Olympiad"]
[Site "Gyor HUN"]
[Date "2014.12.21"]
[Round "10.11"]
[Board "4"]
[White "Abdusattorov, Nodirbek"]
[Black "Gajcin, Marina"]
[Result "0-1"]
[WhiteTitle "FM"]
[WhiteElo "2186"]
[BlackElo "2036"]
[WhiteTeam "Uzbekistan"]
[BlackTeam "Serbia"]
[WhiteFideId "14204118"]
[BlackFideId "949086"]
[EventDate "2014.12.13"]

1. Nf3 g6 2. g3 c5 3. Bg2 Bg7 4. O-O Nc6 5. c4 d6 6. Nc3 e6 7. b3 Nge7 8. Bb2
O-O 9. e3 d5 10. cxd5 exd5 11. Na4 Bxb2 12. Nxb2 Bf5 13. d4 cxd4 14. Nxd4 Be4
15. Rc1 Rc8 16. Na4 Ne5 17. Rxc8 Qxc8 18. Qc1 Qb8 19. Qc5 Re8 20. Rd1 b6 21. Qb5
Rc8 22. h3 h5 23. Qb4 N7c6 24. Nxc6 Nxc6 25. Qb5 Ne5 26. Bxe4 dxe4 27. Qd5 Nf3+
28. Kg2 Qe5 29. Qxe5 Nxe5 30. Rd4 Rc2 31. Rxe4 Nd3 32. Rc4 Rxf2+ 33. Kg1 Rf3 34.
Kg2 Rf2+ 35. Kg1 Rxa2 36. Rc7 Kg7 37. Rd7 Ne5 38. Rb7 Nf3+ 39. Kf1 Nd2+ 40. Kg1
Nxb3 41. Nc3 Ra1+ 42. Kg2 Nc5 43. Rb8 Re1 44. Kf2 Nd3+ 45. Kf3 Ne5+ 46. Kf2 Rc1
47. Nd5 Rc2+ 48. Kf1 Rc5 49. Ne7 Rc7 50. Nd5 Rd7 51. Nb4 a5 52. Na6 Nc4 53. Rc8
Nxe3+ 54. Kf2 Nd5 55. Nb8 Rc7 56. Rd8 Nf6 57. Rd6 Ne4+ 0-1

[Event "World Youth U16 Olympiad"]
[Site "Gyor HUN"]
[Date "2014.12.21"]
[Round "10.12"]
[Board "1"]
[White "Havasi, Gergo"]
[Black "Plenca, Jadranko"]
[Result "0-1"]
[BlackTitle "FM"]
[WhiteElo "2353"]
[BlackElo "2313"]
[WhiteTeam "Hungary 2"]
[BlackTeam "Croatia"]
[WhiteFideId "760293"]
[BlackFideId "14527146"]
[EventDate "2014.12.13"]

1. e4 e5 2. Nf3 Nc6 3. Bb5 a6 4. Ba4 Nf6 5. O-O Be7 6. d3 b5 7. Bb3 d6 8. a4 Bd7
9. c3 O-O 10. Nbd2 Na5 11. Bc2 c5 12. Re1 Qc7 13. Nf1 h6 14. Ne3 Rfe8 15. Nd2
Be6 16. Qf3 Qd7 17. h3 Bf8 18. Ndf1 d5 19. axb5 dxe4 20. dxe4 axb5 21. Rd1 Qc8
22. Nf5 Bxf5 23. exf5 Nc4 24. Rxa8 Qxa8 25. Qe2 Qc6 26. Bb3 Nd6 27. Ng3 Nb7 28.
Bc2 Nd6 29. Nh5 Be7 30. Re1 Nxh5 31. Qxh5 Bf6 32. Qg4 Kh8 33. h4 e4 34. Rd1 Nc4
35. b3 Nb6 36. Qh5 Kg8 37. c4 bxc4 38. bxc4 Nxc4 39. Bb3 Qb5 40. Ba2 Qa4 41. Rd2
Rb8 42. Kh2 Nxd2 43. Bxf7+ Kh8 44. Bxd2 e3 45. Bxe3 Qxh4+ 46. Qxh4 Bxh4 47. Bxc5
Rb5 48. Bd4 Bxf2 49. Bc4 Rxf5 50. Bxf2 Rxf2 51. Kg3 Rc2 52. Bd5 g6 53. Be4 Rc3+
54. Kf4 Kg7 55. g4 Kf6 56. g5+ hxg5+ 57. Kg4 Rc4 58. Kf3 g4+ 59. Ke3 Ke5 0-1